000 00646nam a22002057a 4500
005 20100802150440.0
010 _aENG-97647
020 _a9788170589464
_c55.00
035 _aEN-81180
037 _bDBAD/PUB
082 _aS
100 _aPandey Daulat
_95394
245 _aTales of India /
_cby Daulat Pandey
250 _a2nd ed.
260 _aPondicherry
_bSri Aurobindo Ashram Publication
_c2009
270 _aSri Aurobindo Ashram
_bPondicherry
_e605002
300 _a P1.(101p)
_c22cm (pbk)
942 _2ddc
_cEN
_hS
_mPAN
999 _c38723
_d38723